Taller sistemas agroforestales en América Latina : (Registro nro. 998)
[ vista simple ]
| 000 -CABECERA | |
|---|---|
| Campo de control | 00928nam a2200229 a 4500 |
| 005 - FECHA Y HORA DE LA ULTIMA TRANSACCION | |
| Campo de control | 20171117093531.0 |
| 008 - ELEMENTOS DE LONGITUD FIJA—INFORMACION GENERAL | |
| Campo de control | 140224b1979 cr a||||r|||| 00| 0 spa d |
| 040 ## - FUENTE DE CATALOGACIÓN | |
| Agencia catalogadora original | CO-BoIAVH |
| Agencia transcriptora | CO-BoIAVH |
| 041 0# - IDIOMA | |
| Código de idioma para texto/pista de sonido o título separado | Español |
| 044 ## - PAÍS DE PUBLICACIÓN | |
| País de publicación | Costa Rica |
| 082 04 - NUMERO DE CLASIFICACION DECIMAL DEWEY | |
| Número de clasificación | 634.99028 |
| Número del ítem | T14s |
| 111 2# - ASIENTO PRINCIPAL--NOMBRE DE REUNION | |
| Nombre de reunión o de jurisdicción como elemento de entrada | Taller sistemas agroforestales en América Latina |
| Fecha de la reunión | (1979 : |
| Lugar de la reunión | Turrialba, Costa Rica) |
| 9 (RLIN) | 87001 |
| 245 04 - MENCION DE TITULO | |
| Título | Taller sistemas agroforestales en América Latina : |
| Parte restante del título | actas |
| 260 ## - PUBLICACION, DISTRIBUCION, ETC. (PIE DE IMPRENTA) | |
| Lugar de publicación, distribución, etc. | Turrialba(Costa Rica) : |
| Nombre del editor, distribuidor, etc. | CATIE, |
| Fecha de publicación, distribución, etc. | 1979. |
| 300 ## - DESCRIPCION FISICA | |
| Extensión | 226 páginas : |
| Otros detalles físicos | ilustraciones ; |
| Dimensiones | 27 x 21 cm. |
| 650 26 - ASIENTO SECUNDARIO DE MATERIA - TERMINO TEMATICO | |
| Término temático o nombre geográfico como elemento de entrada | Sistemas agroforestales |
| Subdivisión geográfica | América Latina |
| Subdivisión de forma | Congresos, conferencias, etc. |
| 9 (RLIN) | 87002 |
| 650 26 - ASIENTO SECUNDARIO DE MATERIA - TERMINO TEMATICO | |
| Término temático o nombre geográfico como elemento de entrada | Recursos naturales |
| Subdivisión geográfica | América Latina |
| Subdivisión de forma | Congresos, conferencias, etc. |
| 9 (RLIN) | 87003 |
| 650 26 - ASIENTO SECUNDARIO DE MATERIA - TERMINO TEMATICO | |
| Término temático o nombre geográfico como elemento de entrada | Cultivo migratorio |
| Subdivisión de forma | América Latina |
| Subdivisión general | Congresos, conferencias, etc. |
| 9 (RLIN) | 87004 |
| 662 ## - ASIENTO SECUNDARIO DE MATERIA - JERARQUIA DEL NOMBRE DE LUGAR( | |
| Jurisdicción política intermedia | América Latina |
| 700 2# - ASIENTO SECUNDARIO - NOMBRE PERSONAL | |
| Nombre personal | De las Salas, Gonzalo |
| Término de relación | editor |
| 9 (RLIN) | 49 |
| 942 ## - ELEMENTOS ADICIONALES (KOHA) | |
| Tipo de ítem | Libro |
| Sistema de clasificación | Dewey Decimal Classification |
| Withdrawn status | Lost status | Sistema de Clasificación | Damaged status | No para préstamo | Colección | Inventariado | Ubicación Permanente | Ubicación actual | Fecha de adquisición | Fuente de Valor | Valor | Total Checkouts | Número topográfico | Inventario / Código de Barras | Date last seen | Ejemplar | Price effective from | Forma de adquisición | Tipo de material |
|---|---|---|---|---|---|---|---|---|---|---|---|---|---|---|---|---|---|---|---|
| Dewey Decimal Classification | General | Inventariado 2017 | Sala Fabio Quevedo | Sala Fabio Quevedo | 14/01/1999 | Instituto | 50000.00 | LB-634.99028 T14s | 001375 | 04/12/2012 | Ej. 1 | 04/12/2012 | Donación | Libro |